Военный дважды Краснознаменный институт физической культуры (1918-1988) (Запись № 11974677)

Подробности
000 -МАРКЕР
контрольное поле 02840nam0a2200373 4500
001 - ИДЕНТИФИКАТОР ЗАПИСИ
контрольное поле RU\NLR\BIBL_A\012450825
005 - ИДЕНТИФИКАТОР ВЕРСИИ
контрольное поле 20260407100950.0
035 ## - ДРУГИЕ СИСТЕМНЫЕ НОМЕРА
Идентификатор записи (NLR Aleph) 012450825
100 ## - ДАННЫЕ ОБЩЕЙ ОБРАБОТКИ
Данные общей обработки 20210211d1988 |||y0rusy50 ca
101 0# - ЯЗЫК РЕСУРСА
Язык текста, звукозаписи и т.д. русский
102 ## - СТРАНА ПУБЛИКАЦИИ ИЛИ ПРОИЗВОДСТВА
Страна публикации Российская Федерация
105 ## - ПОЛЕ КОДИРОВАННЫХ ДАННЫХ: ТЕКСТОВЫЕ МАТЕРИАЛЫ, МОНОГРАФИЧЕСКИЕ
Кодированные данные о монографическом текстовом документе ach z 010zy
181 #0 - ПОЛЕ КОДИРОВАННЫХ ДАННЫХ: ВИД СОДЕРЖАНИЯ
Код вида содержания (ISBD) i
Код характеристики содержания (ISBD) axxe
182 #0 - ПОЛЕ КОДИРОВАННЫХ ДАННЫХ: ТИП СРЕДСТВА
Код типа средства (ISBD) n - непосредственное
200 1# - ЗАГЛАВИЕ И СВЕДЕНИЯ ОБ ОТВЕТСТВЕННОСТИ
Основное заглавие Военный дважды Краснознаменный институт физической культуры (1918-1988)
Сведения, относящиеся к заглавию [к 70-летию со дня основания
Первые сведения об ответственности кандидат педагогических наук, доцент полковник Нестеров А. А. и кандидат педагогических наук подполковник Шейченко В. А.]
Последующие сведения об ответственности под редакцией кандидата педагогических наук Б. В. Евстафьева и кандидата педагогических наук В. А. Шейченко
203 ## - ВИД СОДЕРЖАНИЯ И ТИП СРЕДСТВА
Вид содержания Текст
Дополнительные сведения об издании визуальный
Тип средства непосредственный
210 ## - ПУБЛИКАЦИЯ, РАСПРОСТРАНЕНИЕ И ДР.
Место издания, распространения и т.д. Ленинград
Имя издателя, распространителя и т. д. [б. и.]
Дата издания, распространения и т.д. 1988
215 ## - ФИЗИЧЕСКАЯ ХАРАКТЕРИСТИКА
Специфическое обозначение материала и объем 278, [1] с.
Другие сведения о физической характеристике ил., портр., факс.
Размеры 21
Сопроводительный материал Прил. (13, [1] с.; 15х21 см)
300 ## - ОБЩИЕ ПРИМЕЧАНИЯ
Текст примечания Загл. прил.: План-сценарий проведения торжественных мероприятий, посвященных 70-летию Военного дважды Краснознаменного института физической культуры
300 ## - ОБЩИЕ ПРИМЕЧАНИЯ
Текст примечания Авт. указаны на обороте тит. л. в аннот.
316 ## - ПРИМЕЧАНИЯ ОБ ОСОБЕННОСТЯХ ЭКЗЕМПЛЯРА
Текст примечания Во 2-м экз. прил. отсутствует
Организация и экземпляр, к которому относится поле NLR
320 ## - ПРИМЕЧАНИЯ О НАЛИЧИИ В ДОКУМЕНТЕ БИБЛИОГРАФИИ / УКАЗАТЕЛЯ
Текст примечания Библиогр.: с. 241-245 и в подстроч. примеч.
464 #0 - АНАЛИТИЧЕСКИЙ УРОВЕНЬ
Встроенное поле 2001#$aПлан-сценарий проведения торжественных мероприятий, посвященных 70-летию Военного дважды Краснознаменного института физической культуры
Заглавие План-сценарий проведения торжественных мероприятий, посвященных 70-летию Военного дважды Краснознаменного института физической культуры
601 02 - НАИМЕНОВАНИЕ ОРГАНИЗАЦИИ КАК ПРЕДМЕТ
Начальный элемент ввода Военный институт физической культуры
Идентифицирующий признак Санкт-Петербург, город
Тематический подзаголовок История
Хронологический подзаголовок 1918 - 1988
Системный номер авторитетной/нормативной записи 2467118
Идентификатор авторитетной/нормативной записи RU\NLR\AUTH\6601682728
686 1# - ИНДЕКСЫ ДРУГИХ КЛАССИФИКАЦИЙ
Индекс Ц4,6(2Р)399.4г
700 #1 - ИМЯ ЛИЦА - ПЕРВИЧНАЯ ОТВЕТСТВЕННОСТЬ
Начальный элемент ввода Нестеров
Часть имени, кроме начального элемента ввода А. А.
701 #1 - ИМЯ ЛИЦА - АЛЬТЕРНАТИВНАЯ ОТВЕТСТВЕННОСТЬ
Начальный элемент ввода Шейченко
Часть имени, кроме начального элемента ввода В. А.
711 02 - НАИМЕНОВАНИЕ ОРГАНИЗАЦИИ - АЛЬТЕРНАТИВНАЯ ОТВЕТСТВЕННОСТЬ
Начальный элемент ввода Военный институт физической культуры
Идентифицирующий признак Ленинград
Идентификатор авторитетной/нормативной записи RU\NLR\AUTH\889927782
Системный номер авторитетной/нормативной записи 351178
942 ## - ДОПОЛНИТЕЛЬНЫЕ ЭЛЕМЕНТЫ ЗАПИСИ (АБИС)
Тип экземпляра АБИС Книга
980 ## - КОЛЛЕКЦИЯ
Название коллекции Национальная библиография
Экземпляры
Тип экземпляра Дата поступления Источник поступления Стоимость Библиотека постоянного хранения Библиотека текущего хранения Место хранения Шифр хранения Штрих-код Статус экземпляра
Книга 11.02.2021 Дар 100.00 РНБ (Московский) РНБ (Московский) Русский книжный фонд: издания с 1957 года 2021-5/874 1-3197015  
Книга 24.02.2021 Дар 150.00 РНБ (Московский) РНБ (Московский) Русский книжный фонд: издания с 1957 года 2021-5/874 1-3197016